IFM Opac

THIRD FIVE YEAR PLAN (Record no. 13863)

MARC details
000 -LEADER
fixed length control field 00274nam a2200109 4500
082 ## - DEWEY DECIMAL CLASSIFICATION NUMBER
Classification number 338.954IND
245 ## - TITLE STATEMENT
Title THIRD FIVE YEAR PLAN
260 ## - PUBLICATION, DISTRIBUTION, ETC.
Place of publication, distribution, etc. GOVERNMENT OF INDIA PLANNING COMMISSION
Name of publisher, distributor, etc. DAR ES SALAAM
Date of publication, distribution, etc. 1963
300 ## - PHYSICAL DESCRIPTION
Extent XXXV,774P
Other physical details ILL,;25CM
500 ## - GENERAL NOTE
General note INDEX
942 ## - ADDED ENTRY ELEMENTS (KOHA)
Koha item type Books
Holdings
Withdrawn status Lost status Source of classification or shelving scheme Damaged status Not for loan Home library Current library Shelving location Date acquired Full call number Barcode Date last seen Price effective from Koha item type
    Dewey Decimal Classification     IFM Main Campus Library IFM Main Campus Library   11/11/2015 338.954IND 0000008153 11/11/2015 11/11/2015 Books